First Level Sub Division - Country - Easy Version - Statistics

General Stats
  • This quiz has been taken 21 times
  • The average score is 14 of 15
Answer Stats
First Level Sub Division Country % Correct
Western Australia Australia
100%
Tokyo Japan
100%
Moscow Russia
100%
Scotland United Kingdom
100%
Amazonas Brazil
95%
Quebec Canada
95%
Chihuahua Mexico
95%
Guangdong Province China
89%
Greenland Denmark
89%
Normandy France
89%
Punjab India / Pakistan
89%
Dubai United Arab Emirates
89%
Bavaria Germany
84%
Lazio Italy
79%
Catalonia Spain
79%
No matching quizzes found
Score Distribution
Percent of People with Each Score
Percentile by Number Answered
Your Score History
You have not taken this quiz